[Event "Kirishi Nesis Cup"]
[Site "Kirishi"]
[Date "2007.05.22"]
[Round "7"]
[White "Janovsky, Sergey"]
[Black "Komarov, Dimitri"]
[Result "1/2-1/2"]
[WhiteElo "2496"]
[BlackElo "2539"]
[PlyCount "37"]
[EventDate "2007.05.21"]
[EventType "tourn (rapid)"]
[EventRounds "10"]
[EventCountry "RUS"]
[EventCategory "13"]
[SourceTitle "CBM 118 Extra"]
[Source "ChessBase"]
[SourceDate "2007.07.04"]
[SourceVersion "1"]
[SourceVersionDate "2007.07.04"]
[SourceQuality "1"]

1. e4 e6 2. d4 d5 3. Nd2 c5 4. Ngf3 cxd4 5. Nxd4 Nc6 6. Nxc6 bxc6 7. Bd3 Qc7 8. c4 Nf6 9. 0-0 Bd6 10. h3 0-0 11. cxd5 cxd5 12. exd5 Nxd5 13. Ne4 Bh2+ 14. Kh1 Bf4 15. Qh5 h6 16. Qh4 Bb7 17. Nc3 Bxc1 18. Raxc1 Qb6 19. b3 1/2-1/2

[Event "Kirishi Nesis Cup"]
[Site "Kirishi"]
[Date "2007.05.21"]
[Round "5"]
[White "Janovsky, Sergey"]
[Black "Alekseev, Evgeny V"]
[Result "1-0"]
[WhiteElo "2496"]
[BlackElo "2679"]
[PlyCount "96"]
[EventDate "2007.05.21"]
[EventType "tourn (rapid)"]
[EventRounds "10"]
[EventCountry "RUS"]
[EventCategory "13"]
[SourceTitle "CBM 118 Extra"]
[Source "ChessBase"]
[SourceDate "2007.07.04"]
[SourceVersion "1"]
[SourceVersionDate "2007.07.04"]
[SourceQuality "1"]

1. e4 c5 2. Nf3 Nc6 3. Bb5 d6 4. 0-0 Bd7 5. Re1 a6 6. Bf1 Bg4 7. h3 Bxf3 8. Qxf3 g6 9. c3 Bg7 10. a4 e6 11. Na3 Nge7 12. Nc2 0-0 13. Qd1 d5 14. d3 Qd6 15. f4 e5 16. Qf3 dxe4 17. dxe4 f5 18. Be3 exf4 19. Rad1 Qc7 20. Bxc5 Ne5 21. Qf2 Rf6 22. Bxe7 Qxe7 23. Qxf4 Raf8 24. Nd4 fxe4 25. Qxe4 Kh8 26. Be2 h5 27. Kh1 Rf2 28. Nf3 Qf6 29. Rf1 Rxf1+ 30. Rxf1 Qf4 31. Qxb7 Nxf3 32. Qxf3 Qd2 33. Qd3 Rxf1+ 34. Bxf1 Qf4 35. Qf3 Qc1 36. Qe2 a5 37. g3 h4 38. gxh4 Qf4 39. h5 g5 40. Qe8+ Bf8 41. Be2 Kg7 42. Qg6+ Kh8 43. h6 Qe5 44. Bd3 Qe1+ 45. Kg2 Qd2+ 46. Kf3 Qf4+ 47. Ke2 Qh2+ 48. Ke1 Qf4 1-0

[Event "Kirishi Nesis Cup"]
[Site "Kirishi"]
[Date "2007.05.21"]
[Round "1"]
[White "Janovsky, Sergey"]
[Black "Khalifman, Alexander"]
[Result "1/2-1/2"]
[WhiteElo "2496"]
[BlackElo "2624"]
[PlyCount "37"]
[EventDate "2007.05.21"]
[EventType "tourn (rapid)"]
[EventRounds "10"]
[EventCountry "RUS"]
[EventCategory "13"]
[SourceTitle "CBM 118 Extra"]
[Source "ChessBase"]
[SourceDate "2007.07.04"]
[SourceVersion "1"]
[SourceVersionDate "2007.07.04"]
[SourceQuality "1"]

1. e4 c5 2. Nf3 d6 3. Bb5+ Nc6 4. 0-0 Bd7 5. Re1 Nf6 6. h3 a6 7. Bf1 Ne5 8. c3 Nxf3+ 9. Qxf3 e5 10. a4 g6 11. a5 Bg7 12. Bc4 0-0 13. d3 h6 14. Be3 Bc6 15. Nd2 Kh7 16. g4 Ne8 17. Qg2 f5 18. f3 Qe7 19. Bb3 1/2-1/2

[Event "Kirishi Nesis Cup"]
[Site "Kirishi"]
[Date "2007.05.21"]
[Round "4"]
[White "Sakaev, Konstantin"]
[Black "Janovsky, Sergey"]
[Result "1-0"]
[WhiteElo "2633"]
[BlackElo "2496"]
[PlyCount "121"]
[EventDate "2007.05.21"]
[EventType "tourn (rapid)"]
[EventRounds "10"]
[EventCountry "RUS"]
[EventCategory "13"]
[SourceTitle "CBM 118 Extra"]
[Source "ChessBase"]
[SourceDate "2007.07.04"]
[SourceVersion "1"]
[SourceVersionDate "2007.07.04"]
[SourceQuality "1"]

1. d4 Nf6 2. Nf3 d5 3. c4 dxc4 4. Nc3 c5 5. d5 e6 6. e4 exd5 7. e5 Nfd7 8. Nxd5 Nc6 9. Bg5 Qa5+ 10. Bd2 Qd8 11. Bxc4 Be7 12. e6 fxe6 13. Nf4 Nde5 14. Nxe5 Nxe5 15. Qh5+ Nf7 16. Nxe6 Bxe6 17. Bxe6 0-0 18. 0-0-0 Qb6 19. Rhe1 Bf6 20. Bc3 Bxc3 21. bxc3 Rad8 22. Rxd8 Qxd8 23. Qxc5 Kh8 24. Rd1 Qb8 25. g3 Ne5 26. Qd6 Qxd6 27. Rxd6 g5 28. Rd5 Ng6 29. Rf5 Rxf5 30. Bxf5 Ne5 31. Kd2 Kg7 32. Ke3 h6 33. f4 gxf4+ 34. Kxf4 Kf6 35. g4 b6 36. h4 Nf7 37. Bd3 Nd6 38. g5+ hxg5+ 39. hxg5+ Ke6 40. Be2 Ke7 41. Bd3 Ke6 42. a4 Nb7 43. Bc4+ Ke7 44. Ke5 Nc5 45. Bb5 Kf7 46. Kf5 Nb7 47. Bc4+ Ke7 48. Kg6 Nd6 49. Bd3 Nf7 50. Be4 Ne5+ 51. Kh7 Nd7 52. Bd5 Kd6 53. Bb3 Ke5 54. Kh6 Ke4 55. g6 Nf6 56. g7 Kf5 57. Bc2+ Ke6 58. Kg6 Ke7 59. Bb3 a6 60. Ba2 b5 61. a5 1-0

[Event "Ljubljana op 15th"]
[Site "Ljubljana"]
[Date "2004.07.15"]
[Round "8"]
[White "Jakovljevic, Vlado"]
[Black "Janovsky, Sergey"]
[Result "0-1"]
[WhiteElo "2426"]
[BlackElo "2492"]
[PlyCount "76"]
[EventDate "2004.07.10"]
[EventType "swiss"]
[EventRounds "9"]
[EventCountry "SLO"]
[SourceTitle "CBM 101 Extra"]
[Source "ChessBase"]
[SourceDate "2004.09.01"]
[SourceVersion "2"]
[SourceVersionDate "2004.09.01"]
[SourceQuality "1"]

1. Nf3 Nf6 2. c4 g6 3. d4 Bg7 4. g3 0-0 5. Bg2 d5 6. cxd5 Nxd5 7. 0-0 c5 8. dxc5 Na6 9. c6 bxc6 10. Nbd2 Qc7 11. a3 Nc5 12. Qc2 Qb6 13. e4 Nc7 14. Rb1 Ba6 15. b4 N5e6 16. Re1 Rad8 17. Bf1 Bxf1 18. Rxf1 Nb5 19. Nb3 Nc3 20. Ra1 Qa6 21. Kg2 Rd3 22. Bb2 Na4 23. Bxg7 Kxg7 24. Rac1 Rfd8 25. Na5 Rxf3 26. Qxa4 Qe2 27. Rc2 Qxe4 28. Qxc6 Rd5 29. Kg1 Ng5 30. h4 Rf6 31. Qc4 Nf3+ 32. Kh1 Rd4 33. Qe2 Qg4 34. Kg2 Nxh4+ 35. Kh2 Nf3+ 36. Kg2 Re4 37. Qd1 Re5 38. Rh1 Qe4 0-1

[Event "Ljubljana op 15th"]
[Site "Ljubljana"]
[Date "2004.07.13"]
[Round "5"]
[White "Janovsky, Sergey"]
[Black "Palac, Mladen"]
[Result "0-1"]
[WhiteElo "2492"]
[BlackElo "2549"]
[PlyCount "72"]
[EventDate "2004.07.10"]
[EventType "swiss"]
[EventRounds "9"]
[EventCountry "SLO"]
[SourceTitle "CBM 101 Extra"]
[Source "ChessBase"]
[SourceDate "2004.09.01"]
[SourceVersion "2"]
[SourceVersionDate "2004.09.01"]
[SourceQuality "1"]

1. e4 c5 2. c3 Nf6 3. e5 Nd5 4. d4 cxd4 5. Nf3 d6 6. Bc4 Nb6 7. Bb3 Nc6 8. exd6 Qxd6 9. 0-0 Be6 10. Na3 dxc3 11. Qe2 Bxb3 12. Nb5 Qb8 13. axb3 e6 14. Qe4 Nd5 15. bxc3 Be7 16. c4 Nf6 17. Qe2 a6 18. Nc3 0-0 19. g3 b6 20. Bb2 Rd8 21. Ne4 Nd7 22. Neg5 Nc5 23. Ba3 h6 24. Bxc5 bxc5 25. Qe4 hxg5 26. Qxc6 g4 27. Ne1 Qxb3 28. Qe4 Qc3 29. Nc2 Qd3 30. Rfe1 Bf6 31. Ra3 Qxe4 32. Rxe4 a5 33. Rxg4 Rd2 34. Ne1 a4 35. Nd3 Rxd3 36. Rxd3 a3 0-1

[Event "Bled op 24th"]
[Site "Bled"]
[Date "2003.07.17"]
[Round "5"]
[White "Janovsky, Sergey"]
[Black "Srebrnic, Ana"]
[Result "1-0"]
[WhiteElo "2495"]
[BlackElo "2243"]
[PlyCount "139"]
[EventDate "2003.07.14"]
[EventType "swiss"]
[EventRounds "9"]
[EventCountry "SLO"]
[SourceTitle "CBM 095 Extra"]
[Source "ChessBase"]
[SourceDate "2003.09.04"]
[SourceVersion "1"]
[SourceVersionDate "2003.09.04"]
[SourceQuality "1"]

1. e4 e5 2. Nf3 Nf6 3. Nxe5 d6 4. Nf3 Nxe4 5. Nc3 Nxc3 6. dxc3 Be7 7. Bf4 Nd7 8. Qd2 Nc5 9. 0-0-0 0-0 10. Be3 Ne4 11. Qe1 Ng5 12. Nd4 Bf6 13. h4 Ne6 14. Nf5 Re8 15. g3 Qd7 16. Bc4 Nc5 17. Nd4 a6 18. Kb1 b5 19. Bd5 Bb7 20. Bxb7 Nxb7 21. Qd2 Na5 22. Bg5 Nc4 23. Qd3 Bxd4 24. cxd4 d5 25. f3 a5 26. Bc1 a4 27. g4 c6 28. Rde1 Re7 29. h5 Rae8 30. Reg1 Qe6 31. Rg2 Qd6 32. Rgg1 Re2 33. g5 Nb6 34. g6 fxg6 35. hxg6 h6 36. Qf5 Qe6 37. Qh5 Nd7 38. Bf4 Nf6 39. Qh4 Qf5 40. Rc1 Qxg6 41. Rhg1 Rg2 42. Rxg2 Qxg2 43. Bxh6 Qg6 44. Bf4 Re2 45. a3 Qf5 46. Be5 Rg2 47. f4 Qg4 48. Bxf6 gxf6 49. Qxf6 Qg6 50. Qe5 Rf2 51. Qe3 Rg2 52. f5 Qxf5 53. Qe8+ Kg7 54. Qxc6 Qe4 55. Qc7+ Kg6 56. Rh1 Rg5 57. Qd6+ Kf7 58. Qd7+ Kg6 59. Qh7+ Kf6 60. Rh6+ Rg6 61. Rxg6+ Qxg6 62. Qxg6+ Kxg6 63. Kc1 Kf5 64. Kd2 Ke4 65. Kc3 Ke3 66. Kb4 Kd2 67. Kxb5 Kxc2 68. Kxa4 Kd3 69. Kb3 Kxd4 70. Kc2 1-0

[Event "Bled op 24th"]
[Site "Bled"]
[Date "2003.07.14"]
[Round "1"]
[White "Janovsky, Sergey"]
[Black "Marjanovic, Slavko"]
[Result "1-0"]
[WhiteElo "2495"]
[BlackElo "2034"]
[PlyCount "61"]
[EventDate "2003.07.14"]
[EventType "swiss"]
[EventRounds "9"]
[EventCountry "SLO"]
[SourceTitle "CBM 095 Extra"]
[Source "ChessBase"]
[SourceDate "2003.09.04"]
[SourceVersion "1"]
[SourceVersionDate "2003.09.04"]
[SourceQuality "1"]

1. e4 e6 2. d4 d5 3. Nd2 c5 4. exd5 Qxd5 5. Ngf3 cxd4 6. Bc4 Qd6 7. 0-0 Nf6 8. Nb3 Nc6 9. Nbxd4 Nxd4 10. Nxd4 a6 11. c3 Qc7 12. Qe2 Bd6 13. g3 0-0 14. Bg5 Nd5 15. Bd3 h6 16. Bd2 e5 17. Nf5 Bxf5 18. Bxf5 Ne7 19. Bc2 f5 20. Rad1 Rae8 21. Qh5 Qc6 22. Bg5 Bc5 23. Bc1 Qg6 24. Qxg6 Nxg6 25. Rd7 Re7 26. Rfd1 b5 27. b4 Bb6 28. R7d6 Rf6 29. Rxf6 gxf6 30. Rd6 Rc7 31. Rxb6 1-0

[Event "MK Cafe Cup-A"]
[Site "Koszalin"]
[Date "1998.08.11"]
[Round "9"]
[White "Nijboer, Friso"]
[Black "Janovsky, Sergey"]
[Result "1/2-1/2"]
[WhiteElo "2525"]
[BlackElo "2490"]
[PlyCount "132"]
[EventDate "1998.08.03"]
[EventType "swiss"]
[EventRounds "10"]
[EventCountry "POL"]
[SourceTitle "CBM 065 Extra"]
[Source "ChessBase"]
[SourceDate "1998.09.09"]
[SourceVersion "1"]
[SourceVersionDate "1998.09.09"]
[SourceQuality "1"]

1. e4 e6 2. d3 d5 3. Qe2 Nc6 4. Nf3 dxe4 5. dxe4 e5 6. c3 Nf6 7. Nbd2 Bd6 8. Nc4 Be6 9. Bg5 h6 10. Bh4 Qe7 11. Qc2 g5 12. Bg3 Nd7 13. Be2 f6 14. Nfd2 Qf7 15. h4 0-0-0 16. a4 Be7 17. a5 f5 18. a6 b6 19. Qa4 Ncb8 20. exf5 Qxf5 21. Bf3 Rdf8 22. Bb7+ Kd8 23. 0-0-0 gxh4 24. Ne3 Qf7 25. Bxh4 Bxh4 26. Qxh4+ Qe7 27. Nf3 Qxh4 28. Rxh4 Ke7 29. Rdh1 Rf6 30. b4 b5 31. Re4 c6 32. Nxe5 Nxe5 33. Rxe5 Rxf2 34. Re1 Rf6 35. Nf5+ Kd7 36. Nd4 Bc4 37. Re7+ Kd6 38. Re8 Rhf8 39. g4 Rxe8 40. Rxe8 Nd7 41. Bxc6 Ne5 42. Nf5+ Kxc6 43. Rxe5 Kb6 44. Ne3 Be6 45. Rh5 Kxa6 46. Nf5 Rg6 47. Rh4 Bxf5 48. gxf5 Rf6 49. Rh5 Rd6 50. Rh1 Kb6 51. Rf1 Kc7 52. f6 Rd8 53. f7 Rf8 54. Rf5 Kd6 55. Kc2 Ke6 56. Rxb5 Rxf7 57. c4 Rh7 58. Rh5 Kf6 59. c5 Kg6 60. Rd5 h5 61. c6 Kf6 62. Rd6+ Ke5 63. Rd7 Rh8 64. Kc3 h4 65. c7 Rc8 66. Rh7 Kd6 1/2-1/2

[Event "MK Cafe Cup-A"]
[Site "Koszalin"]
[Date "1998.08.08"]
[Round "6"]
[White "Janovsky, Sergey"]
[Black "Prasad, Devaki V"]
[Result "1/2-1/2"]
[WhiteElo "2490"]
[BlackElo "2405"]
[PlyCount "71"]
[EventDate "1998.08.03"]
[EventType "swiss"]
[EventRounds "10"]
[EventCountry "POL"]
[SourceTitle "CBM 065 Extra"]
[Source "ChessBase"]
[SourceDate "1998.09.09"]
[SourceVersion "1"]
[SourceVersionDate "1998.09.09"]
[SourceQuality "1"]

1. e4 c5 2. c3 Nf6 3. e5 Nd5 4. d4 cxd4 5. Nf3 Nc6 6. Bc4 Nb6 7. Bb3 d6 8. exd6 Qxd6 9. 0-0 Be6 10. Na3 Bxb3 11. Qxb3 e6 12. Nb5 Qd7 13. Nbxd4 Nxd4 14. Nxd4 Be7 15. Rd1 0-0 16. Nf5 Qc7 17. Nxe7+ Qxe7 18. Be3 Nd5 19. Bd4 Rfd8 20. c4 Nb4 21. Qc3 f6 22. a3 Nc6 23. Be3 Rxd1+ 24. Rxd1 Rd8 25. Rd2 a6 26. h3 Ne5 27. Rd4 Rc8 28. f4 Nc6 29. Rd2 e5 30. c5 Rd8 31. Rxd8+ Nxd8 32. b4 Nc6 33. b5 axb5 34. Qb3+ Kh8 35. Qxb5 h6 36. Qc4 1/2-1/2

[Event "MK Cafe Cup-A"]
[Site "Koszalin"]
[Date "1998.08.07"]
[Round "5"]
[White "Blehm, Pawel"]
[Black "Janovsky, Sergey"]
[Result "1/2-1/2"]
[WhiteElo "2420"]
[BlackElo "2490"]
[PlyCount "39"]
[EventDate "1998.08.03"]
[EventType "swiss"]
[EventRounds "10"]
[EventCountry "POL"]
[SourceTitle "CBM 065 Extra"]
[Source "ChessBase"]
[SourceDate "1998.09.09"]
[SourceVersion "1"]
[SourceVersionDate "1998.09.09"]
[SourceQuality "1"]

1. e4 e6 2. d4 d5 3. Nd2 c5 4. exd5 exd5 5. Ngf3 Nf6 6. Bb5+ Bd7 7. Bxd7+ Nbxd7 8. Nf1 cxd4 9. Nxd4 Bc5 10. c3 0-0 11. Ne3 Re8 12. 0-0 Ne5 13. Nef5 Qd7 14. Bg5 Ne4 15. Bf4 g6 16. Bxe5 Rxe5 17. Ng3 Rae8 18. Qd3 Nf6 19. Rad1 a6 20. a3 1/2-1/2

[Event "MK Cafe Cup-A"]
[Site "Koszalin"]
[Date "1998.08.06"]
[Round "4"]
[White "Pedzich, Dominik"]
[Black "Janovsky, Sergey"]
[Result "1-0"]
[WhiteElo "2435"]
[BlackElo "2490"]
[PlyCount "85"]
[EventDate "1998.08.03"]
[EventType "swiss"]
[EventRounds "10"]
[EventCountry "POL"]
[SourceTitle "CBM 065 Extra"]
[Source "ChessBase"]
[SourceDate "1998.09.09"]
[SourceVersion "1"]
[SourceVersionDate "1998.09.09"]
[SourceQuality "1"]

1. e4 e6 2. d4 d5 3. Nc3 Nf6 4. Bg5 dxe4 5. Nxe4 Nbd7 6. Nxf6+ Nxf6 7. Nf3 h6 8. Bh4 Be7 9. Bc4 c5 10. 0-0 cxd4 11. Qe2 0-0 12. Rad1 Qb6 13. Bb3 Rd8 14. Rfe1 a5 15. a4 Qb4 16. Bg3 Bc5 17. Ne5 Qb6 18. Bh4 Be7 19. Rd3 Qc5 20. Bc4 Kf8 21. Bb5 g5 22. Bg3 Kg7 23. Red1 Rd5 24. Re1 b6 25. c4 dxc3 26. Rxc3 Qd6 27. Nxf7 Qb4 28. Ne5 Qe4 29. Re3 Qh7 30. Nc6 Bc5 31. Rf3 g4 32. Rd3 Qf5 33. Be5 Kf7 34. Rxd5 Nxd5 35. Bd3 Nf4 36. Bxf4 Qxf4 37. Ne5+ Kg7 38. g3 Qd4 39. Nc6 Qxa4 40. Qe5+ Kg8 41. Qc7 Qb3 42. Qh7+ Kf8 43. Ne5 1-0

[Event "MK Cafe Cup-A"]
[Site "Koszalin"]
[Date "1998.08.04"]
[Round "2"]
[White "Cichocki, Adam"]
[Black "Janovsky, Sergey"]
[Result "1/2-1/2"]
[WhiteElo "2365"]
[BlackElo "2490"]
[PlyCount "40"]
[EventDate "1998.08.03"]
[EventType "swiss"]
[EventRounds "10"]
[EventCountry "POL"]
[SourceTitle "CBM 065 Extra"]
[Source "ChessBase"]
[SourceDate "1998.09.09"]
[SourceVersion "1"]
[SourceVersionDate "1998.09.09"]
[SourceQuality "1"]

1. d4 d5 2. c4 c6 3. cxd5 cxd5 4. Nf3 Nf6 5. Nc3 Nc6 6. Bf4 Bf5 7. e3 e6 8. Bd3 Bxd3 9. Qxd3 Be7 10. 0-0 0-0 11. h3 Qb6 12. a3 Na5 13. Nd2 Rfc8 14. b3 Rc6 15. Rfc1 Rcc8 16. b4 Nc4 17. Na4 Qb5 18. Nc3 Qb6 19. Na4 Qb5 20. Nc3 Qb6 1/2-1/2

[Event "MK Cafe Cup-A"]
[Site "Koszalin"]
[Date "1998.08.03"]
[Round "1"]
[White "Janovsky, Sergey"]
[Black "Umanskaya, Irina"]
[Result "1/2-1/2"]
[WhiteElo "2490"]
[BlackElo "2325"]
[PlyCount "59"]
[EventDate "1998.08.03"]
[EventType "swiss"]
[EventRounds "10"]
[EventCountry "POL"]
[SourceTitle "CBM 065 Extra"]
[Source "ChessBase"]
[SourceDate "1998.09.09"]
[SourceVersion "1"]
[SourceVersionDate "1998.09.09"]
[SourceQuality "1"]

1. e4 c5 2. Nf3 Nc6 3. c3 d5 4. exd5 Qxd5 5. d4 Bg4 6. Be2 cxd4 7. cxd4 e6 8. h3 Bh5 9. Nc3 Qd6 10. 0-0 Nf6 11. a3 Be7 12. Qb3 Bxf3 13. Bxf3 Nxd4 14. Qa4+ Qd7 15. Qxd7+ Nxd7 16. Bxb7 Rb8 17. Ba6 Nc5 18. Bc4 Ncb3 19. Bf4 Rc8 20. Bxb3 Nxb3 21. Rad1 0-0 22. Rd7 Bxa3 23. bxa3 Rxc3 24. Rxa7 Nd4 25. Bd6 Rd8 26. Be7 Rdc8 27. Bb4 Rb3 28. Rd7 e5 29. Kh2 f6 30. Rd1 1/2-1/2

[Event "Moscow-ch"]
[Site "Moscow"]
[Date "1997.??.??"]
[Round "6"]
[White "Donchenko, Anatoly G"]
[Black "Janovsky, Sergey"]
[Result "0-1"]
[WhiteElo "2390"]
[BlackElo "2510"]
[PlyCount "104"]
[EventDate "1997.??.??"]
[EventType "swiss"]
[EventRounds "9"]
[EventCountry "RUS"]
[SourceTitle "EXT 2000"]
[Source "ChessBase"]
[SourceDate "1999.11.16"]
[SourceVersion "1"]
[SourceVersionDate "1999.11.16"]
[SourceQuality "1"]

1. Nf3 d5 2. d4 c6 3. c4 Nf6 4. Qc2 dxc4 5. Qxc4 Bf5 6. g3 Nbd7 7. Bg2 e6 8. 0-0 Nb6 9. Qb3 Qd5 10. Qd1 Bxb1 11. Rxb1 Qxa2 12. Bg5 Be7 13. Ne5 0-0 14. Qd3 Qa4 15. Bd2 a6 16. Ra1 Qb5 17. Qc2 a5 18. e4 Nfd7 19. Nxd7 Nxd7 20. Rfd1 Rfc8 21. Be3 a4 22. Rac1 Nb6 23. h4 h6 24. Bf1 Qa5 25. Qe2 Nd7 26. Rc2 Rd8 27. Bg2 Qa6 28. Qf3 Qb5 29. Bf1 Qb3 30. Rdc1 Nb6 31. Qg4 Kf8 32. Qh5 Qb4 33. Qe2 Kg8 34. Qg4 Bf6 35. Bxh6 Rxd4 36. Bg2 Nd7 37. Be3 Ne5 38. Qh5 Rc4 39. Kh2 Rxc2 40. Rxc2 Nd3 41. Qe2 Qb3 42. e5 Bxe5 43. Be4 Nxb2 44. Bf4 Bd4 45. Rd2 c5 46. Bc2 Qc4 47. Qe4 f5 48. Qxb7 Qd5 49. Qb6 Nc4 50. Qb5 Nxd2 51. Bxd2 Qf3 52. Be1 Bxf2 0-1

[Event "Moscow-ch"]
[Site "Moscow"]
[Date "1997.??.??"]
[Round "2"]
[White "Ivanov, Victor L"]
[Black "Janovsky, Sergey"]
[Result "1/2-1/2"]
[WhiteElo "2390"]
[BlackElo "2510"]
[PlyCount "90"]
[EventDate "1997.??.??"]
[EventType "swiss"]
[EventRounds "9"]
[EventCountry "RUS"]
[SourceTitle "EXT 2000"]
[Source "ChessBase"]
[SourceDate "1999.11.16"]
[SourceVersion "1"]
[SourceVersionDate "1999.11.16"]
[SourceQuality "1"]

1. d4 d5 2. c4 c6 3. Nf3 Nf6 4. Nc3 dxc4 5. a4 Bf5 6. Ne5 e6 7. f3 Bb4 8. e4 Bxe4 9. fxe4 Nxe4 10. Bd2 Qxd4 11. Nxe4 Qxe4+ 12. Qe2 Bxd2+ 13. Kxd2 Qd5+ 14. Kc3 Na6 15. Nxc4 0-0-0 16. Qe3 Qc5 17. Qxc5 Nxc5 18. a5 f6 19. Be2 Kc7 20. Rhd1 e5 21. Bg4 g6 22. b4 Ne4+ 23. Kc2 h5 24. Be2 Ng5 25. Rxd8 Rxd8 26. Rf1 Ne4 27. Bd3 Rd4 28. Re1 Nf2 29. Be2 b5 30. axb6+ axb6 31. Rf1 Ne4 32. Rd1 Rxd1 33. Bxd1 Ng5 34. h4 Ne6 35. g4 hxg4 36. Bxg4 Nd4+ 37. Kd3 b5 38. Ne3 Kd6 39. h5 gxh5 40. Bxh5 c5 41. bxc5+ Kxc5 42. Ng4 e4+ 43. Kxe4 f5+ 44. Kd3 Ne6 45. Nf6 Nf4+ 1/2-1/2

[Event "Moscow-ch"]
[Site "Moscow"]
[Date "1997.??.??"]
[Round "1"]
[White "Janovsky, Sergey"]
[Black "Dubinsky, Roman"]
[Result "1-0"]
[WhiteElo "2510"]
[BlackElo "2295"]
[PlyCount "113"]
[EventDate "1997.??.??"]
[EventType "swiss"]
[EventRounds "9"]
[EventCountry "RUS"]
[SourceTitle "EXT 2000"]
[Source "ChessBase"]
[SourceDate "1999.11.16"]
[SourceVersion "1"]
[SourceVersionDate "1999.11.16"]
[SourceQuality "1"]

1. e4 c5 2. c3 Nf6 3. e5 Nd5 4. d4 cxd4 5. Nf3 Nc6 6. Bc4 Nb6 7. Bb3 d5 8. exd6 Qxd6 9. 0-0 Be6 10. Na3 dxc3 11. Qe2 Bxb3 12. Nb5 Qb8 13. axb3 e5 14. Nfd4 Nxd4 15. Nxd4 f6 16. bxc3 Kf7 17. Nb5 a6 18. Be3 axb5 19. Bxb6 Rxa1 20. Rxa1 Qe8 21. Ra5 b4 22. c4 Qc6 23. Rb5 Be7 24. Ba5 Ra8 25. h3 Bc5 26. Bxb4 Bxb4 27. Rxb4 Rd8 28. Rb5 Rd4 29. Qh5+ Kf8 30. Qxh7 Rd1+ 31. Kh2 Rd2 32. Qh8+ Kf7 33. Qh5+ Kf8 34. Qf5 Kg8 35. Ra5 Kf7 36. Qh5+ Ke6 37. Qg4+ Kf7 38. Qg3 Qe4 39. Rc5 g6 40. Rc7+ Ke6 41. f3 Qf5 42. Rxb7 Kd6 43. Qg4 Qf4+ 44. Qxf4 exf4 45. h4 Rb2 46. b4 Rc2 47. c5+ Ke5 48. Rb6 g5 49. hxg5 fxg5 50. Rg6 Kf5 51. Rg8 Rc4 52. Rb8 Ke5 53. b5 g4 54. fxg4 Rc2 55. Rf8 f3 56. b6 Rxg2+ 57. Kh1 1-0

[Event "Moscow-ch"]
[Site "Moscow"]
[Date "1997.??.??"]
[Round "8"]
[White "Zaitsev, Vadim"]
[Black "Janovsky, Sergey"]
[Result "1-0"]
[WhiteElo "2325"]
[BlackElo "2510"]
[PlyCount "85"]
[EventDate "1997.??.??"]
[EventType "swiss"]
[EventRounds "9"]
[EventCountry "RUS"]
[SourceTitle "EXT 2000"]
[Source "ChessBase"]
[SourceDate "1999.11.16"]
[SourceVersion "1"]
[SourceVersionDate "1999.11.16"]
[SourceQuality "1"]

1. Nf3 d5 2. g3 Nf6 3. Bg2 Bf5 4. d3 e6 5. 0-0 Be7 6. Nbd2 0-0 7. Qe1 h6 8. e4 dxe4 9. dxe4 Bh7 10. e5 Nd5 11. Ne4 Nb4 12. Qe2 Qd5 13. Nfg5 hxg5 14. Nxg5 Qc5 15. Nxh7 Kxh7 16. Bxb7 N8c6 17. a3 Nd5 18. c4 Rab8 19. cxd5 Nxe5 20. Qxe5 Rxb7 21. Qe4+ f5 22. Qxe6 Bd6 23. Be3 Qc4 24. Rad1 f4 25. Rd4 Qb3 26. Qe4+ Kh8 27. Rd3 Qb5 28. Bd4 Qd7 29. Re1 Rbb8 30. Qe6 Qf7 31. gxf4 Bxf4 32. Qxf7 Rxf7 33. Bxa7 Rd8 34. b4 c6 35. Bb6 Rxd5 36. Rxd5 cxd5 37. a4 Rf6 38. a5 Kh7 39. Re7 Rg6+ 40. Kf1 Bd6 41. Rb7 d4 42. Bxd4 Bxh2 43. b5 1-0

[Event "American op"]
[Site "Los Angeles"]
[Date "1995.??.??"]
[Round "6"]
[White "Janovsky, Sergey"]
[Black "Peters, Jack"]
[Result "1/2-1/2"]
[WhiteElo "2450"]
[BlackElo "2475"]
[PlyCount "58"]
[EventDate "1995.11.23"]
[EventType "swiss"]
[EventRounds "8"]
[EventCountry "USA"]
[SourceTitle "EXT 1998"]
[Source "ChessBase"]
[SourceDate "1997.11.17"]
[SourceVersion "1"]
[SourceVersionDate "1997.11.17"]
[SourceQuality "1"]

1. e4 c5 2. c3 d5 3. exd5 Qxd5 4. d4 e6 5. Nf3 Nf6 6. Be3 cxd4 7. cxd4 Be7 8. Nc3 Qd6 9. Qc2 Nc6 10. a3 0-0 11. Bd3 Bd7 12. 0-0 Rac8 13. Rad1 Rfd8 14. Rfe1 Be8 15. h3 Qb8 16. Qe2 h6 17. Bb1 Bf8 18. Qc2 Ne7 19. Qd3 Ned5 20. Ne4 a6 21. Nxf6+ Nxf6 22. Ne5 Bb5 23. Qb3 Qd6 24. Bf4 Qd5 25. Qe3 Ba4 26. Rd2 Qb3 27. Rd3 Qb6 28. Rd2 Qb3 29. Rd3 Qb6 1/2-1/2

[Event "Moscow3"]
[Site "Moscow"]
[Date "1995.??.??"]
[Round "?"]
[White "Janovsky, Sergey"]
[Black "Smagin, Sergey"]
[Result "1/2-1/2"]
[WhiteElo "2450"]
[BlackElo "2540"]
[PlyCount "20"]
[EventDate "1995.04.??"]
[EventType "tourn"]
[EventRounds "11"]
[EventCountry "RUS"]
[EventCategory "8"]
[SourceTitle "CBM 047 Extra"]
[Source "ChessBase"]
[SourceDate "1995.09.01"]
[SourceVersion "1"]
[SourceVersionDate "1995.09.01"]
[SourceQuality "1"]

1. d4 d5 2. c4 c6 3. cxd5 cxd5 4. Nf3 Nf6 5. Nc3 Nc6 6. Bf4 Bf5 7. e3 e6 8. Bd3 Bxd3 9. Qxd3 Be7 10. 0-0 0-0 1/2-1/2

[Event "Moscow3"]
[Site "Moscow"]
[Date "1995.??.??"]
[Round "?"]
[White "Yagupov, Igor"]
[Black "Janovsky, Sergey"]
[Result "1-0"]
[WhiteElo "2415"]
[BlackElo "2450"]
[PlyCount "75"]
[EventDate "1995.04.??"]
[EventType "tourn"]
[EventRounds "11"]
[EventCountry "RUS"]
[EventCategory "8"]
[SourceTitle "CBM 047 Extra"]
[Source "ChessBase"]
[SourceDate "1995.09.01"]
[SourceVersion "1"]
[SourceVersionDate "1995.09.01"]
[SourceQuality "1"]

1. e4 e6 2. d3 d5 3. Nd2 c5 4. g3 Nc6 5. Bg2 Nf6 6. Ngf3 Be7 7. 0-0 Qc7 8. Re1 b6 9. c3 Bb7 10. e5 Nd7 11. Nf1 0-0-0 12. Bf4 h6 13. h4 Rdg8 14. Qd2 Qd8 15. h5 g5 16. hxg6 Rxg6 17. Rab1 Qf8 18. a3 h5 19. b4 h4 20. bxc5 Nxc5 21. Nd4 Na5 22. Nb5 Kb8 23. Nd6 Bxd6 24. exd6 f6 25. d4 Ne4 26. Rxe4 dxe4 27. Qe2 f5 28. c4 Nc6 29. Qd2 Qg7 30. d5 Nd8 31. dxe6 Rxe6 32. Ne3 Bc6 33. c5 hxg3 34. fxg3 Qh7 35. cxb6 a6 36. b7 Qd7 37. Qd4 Rhh6 38. Qa7+ 1-0